Bury Me - Noah Kahan (All Lyrics) - Statistics

General Stats
  • This quiz has been taken 35 times
    33 since last reset
  • The average score is 213 of 280
Answer Stats
Lyrics % Correct
a
100%
bury
100%
Bury
100%
feet
100%
honey
100%
Honey,
100%
me
100%
So
100%
ain't
90%
fall
90%
I
90%
no
90%
Oh,
90%
six
90%
speak
90%
the
90%
to
90%
Watch
90%
we
90%
words
90%
And
80%
around
80%
Baby,
80%
blue
80%
Can
80%
Can't
80%
come
80%
deep
80%
Do
80%
drown
80%
I'll
80%
In
80%
in
80%
it
80%
Let
80%
run
80%
see
80%
see?
80%
times
80%
underneath
80%
wounds
80%
you
80%
alone
70%
at
70%
be
70%
but
70%
change
70%
change?
70%
could
70%
feel
70%
funeral
70%
go
70%
guess
70%
letting
70%
my
70%
of
70%
our
70%
sea
70%
There
70%
would
70%
Would
70%
your
70%
all?
60%
any
60%
aren't
60%
'Cause
60%
demons
60%
don't
60%
down
60%
fate
60%
For
60%
hoped
60%
If
60%
know
60%
like
60%
rearrange
60%
this
60%
You'd
60%
You'll
60%
below?
50%
blame
50%
break
50%
cannot
50%
couldn't
50%
dirt
50%
erased?
50%
every
50%
feels
50%
find
50%
found
50%
grave
50%
haven't
50%
heart
50%
help
50%
Help,
50%
house
50%
I've
50%
made
50%
messes
50%
never
50%
now
50%
parts
50%
shame
50%
take
50%
there's
50%
way
50%
with
50%
you're
50%
been
40%
closed
40%
dreaming
40%
eyes
40%
ready,
30%
sleep
30%
stain
30%
They're
30%
they've
30%
up,
30%
Faking
10%
No matching quizzes found
Score Distribution
Percent of People with Each Score
Percentile by Number Answered
Your Score History
You have not taken this quiz since the last reset